| 000 -LEADER |
| fixed length control field |
00555nam a22001697a 4500 |
| 008 - FIXED-LENGTH DATA ELEMENTS--GENERAL INFORMATION |
| fixed length control field |
150330b xxu||||| |||| 00| 0 eng d |
| 020 ## - INTERNATIONAL STANDARD BOOK NUMBER |
| International Standard Book Number |
9780071736114 |
| 041 0# - LANGUAGE CODE |
| Language code of text/sound track or separate title |
eng |
| 080 ## - UNIVERSAL DECIMAL CLASSIFICATION NUMBER |
| Universal Decimal Classification number |
658.3 |
| 100 1# - Rafti |
| Rafti |
Holpp, Lawrence. |
| 245 10 - TITLE STATEMENT |
| Title |
Win-win performance appraisals : |
| Statement of responsibility, etc |
Lawrence Holpp. |
| 260 ## - |
| -- |
New York : |
| -- |
McGraw Hill, |
| -- |
2012. |
| 300 ## - |
| -- |
189 f.: |
| -- |
me il.; |
| -- |
23 cm. |
| 505 ## - |
| -- |
Index: f.181-189 |
| 650 #0 - |
| -- |
Punonjësit |
| 942 ## - ADDED ENTRY ELEMENTS (KOHA) |
| Source of classification or shelving scheme |
|
| Item type |
Books |